Diseño de un sistema de red inalámbrica basado en tecnología WiMAX en la ciudad de Chinandega, Nicaragua

En la presente propuesta se realizó un diseño para una red basada en tecnología WiMAX que satisfaga los objetivos de cobertura en la ciudad de Chinandega, haciendo un estudio detallado, sus características y requerimientos funcionales, para la definición de parámetros que contribuyan con el di...

Full description

Bibliographic Details
Main Authors: Guevara Medina, Roberto Zaid, Bermúdez Canales, Edwyng Josué
Other Authors: Tutor: Lira Rocha, Ernesto José
Format: Tesis Section = Libro
Language:Undetermined
Spanish
Published: Managua, Nicaragua UNI 2018
Subjects:
LEADER 01232nam a2200265Ia 4500
008 240830s9999 xx 000 0 und d
040 |a BIBLIOTECA-RUSB/ Mon 004.67 G939 
041 |a spa 
082 |a Mon 004.67 G939 
100 1 |a Guevara Medina, Roberto Zaid 
100 1 |b Bermúdez Canales, Edwyng Josué 
245 1 0 |a Diseño de un sistema de red inalámbrica basado en tecnología WiMAX en la ciudad de Chinandega, Nicaragua 
260 |a Managua, Nicaragua  |b UNI  |c 2018 
300 |a 57 p. :il. 
500 |a Contiene: CD. 
502 |a Tesis (Ingeniero en Telecomunicaciones) - UNI, 2018. 
520 3 |a En la presente propuesta se realizó un diseño para una red basada en tecnología WiMAX que satisfaga los objetivos de cobertura en la ciudad de Chinandega, haciendo un estudio detallado, sus características y requerimientos funcionales, para la definición de parámetros que contribuyan con el diseño de la red. 
650 7 |a SISTEMAS MÓVILES DE COMUNICACIÓN 
650 7 |b  SISTEMAS DE TELECOMUNICACIÓN 
650 7 |c  REDES WIMAX – DISEÑO Y CONSTRUCCIÓN 
650 7 |d  REDES INALÁMBRICAS 
700 1 |a Tutor:  |b Lira Rocha, Ernesto José 
942 |c BK  |2 ddc 
991 |a TESIS 
999 |c 19650